000 00413nam a22001577a 4500
003 CEME
005 20210628210059.0
008 210308b xxu||||| |||| 00| 0 eng d
040 _c.
082 _a621.3815 SCH'E
100 _aSchilling, Donald L,Belove, Charles
_978073
245 _aElectronic circuit discrete and integrated
260 _aTOKYO
_bMCGRAW HILL
_c1968
300 _aXX, 671P
942 _cBK
_2ddc
999 _c583228
_d583228